| 000 | 01399cam a22003857a 4500 | ||
|---|---|---|---|
| 003 | CHAP | ||
| 005 | 20220817040818.0 | ||
| 008 | 971013s1989 it r 00010 eng d | ||
| 010 | _a722 | ||
| 011 | _a1694 | ||
| 035 | _a870 | ||
| 040 | _cCHAP | ||
| 082 | 1 | 0 |
_a639.2 _bF46 v.425 |
| 110 | 2 | _aFAO | |
| 245 | 1 | 0 |
_aSymposium on the development and management of fisheries in small water bodies 1987 : _bsummary |
| 260 |
_aRome : _bFAO, _c1989 |
||
| 300 |
_a190 p. _b; gráfs. |
||
| 490 | 0 |
_aFAO. Informe de pesca _v; 425 |
|
| 590 |
_aBATCH-UPD _b10 _c20130110 _lUCH01 _h0037 |
||
| 590 |
_aBATCH-UPD _b10 _c20130110 _lUCH01 _h1043 |
||
| 590 |
_aBATCH-UPD _b10 _c20130410 _lUCH01 _h0642 |
||
| 590 |
_aBATCH-UPD _b10 _c20130914 _lUCH01 _h1347 |
||
| 590 |
_aCONVERSION _b10 _c20130109 _lUCH01 _h1302 |
||
| 650 | 1 | 4 |
_aDepósitos. _931848 |
| 650 | 1 | 4 | _aPesca. |
| 650 | 1 | 4 |
_aPiscicultura. _988531 |
| 711 | 0 |
_aSymposium on the Development and Management of Fisheries in Small Water Bodies _d(1987 : _cAccra, Ghana) _9111097 |
|
| 830 | 0 |
_aFAO. Informe de pesca _v; 425 _939587 |
|
| 901 | _aBK | ||
| 905 | _aPatricia Mendoza P. | ||
| 942 | _cLIBRO | ||
| 949 |
_a639.2 F46 v.425 _bBC _cFAO _d33724000770574 _eFAO1 _gDonaciØn _h76985 _i870 _sb |
||
| 949 |
_a639.2 F46 v.425 _bBC _cFAO _d33724000770582 _eFAO2 _fc.3 _gDonaciØn _h80883 _i870 _sb |
||
| 949 |
_a639.2 F46 v.425 _bBC _cFAO _d33724000770590 _eFAO2 _gDonaciØn _h76956 _i870 _sb |
||
| 999 |
_c722 _d722 |
||